La ideología estética
שמור ב:
| מחבר ראשי: | |
|---|---|
| פורמט: | ספר |
| שפה: | ספרדית |
| יצא לאור: |
Madrid
Cátedra
1998
|
| סדרה: | Colección Teorema. Serie Mayor
|
| נושאים: | |
| תגים: |
הוספת תג
אין תגיות, היה/י הראשונ/ה לתייג את הרשומה!
|
MARC
| LEADER | 00000nam a2200000 a 4500 | ||
|---|---|---|---|
| 001 | UCO0569 | ||
| 003 | CL-VaPUC | ||
| 008 | 000420e19980000SP |||||||||||||||||spa|d | ||
| 082 | 0 | 4 | |a 111.85 |b DEM |2 21 |
| 100 | |a Man, Paul de |e autor |9 441895 | ||
| 245 | 1 | 3 | |a La ideología estética |
| 300 | |a 271 p | ||
| 942 | |c BK | ||
| 945 | |d 20000420 00:00:00 |a rbrito | ||
| 260 | |a Madrid |b Cátedra |c 1998 | ||
| 650 | 0 | |a Estética |9 264950 | |
| 650 | 0 | |a Materialismo |9 265687 | |
| 650 | 0 | |a Fenomenología |9 256519 | |
| 583 | |a last modification |c 20000420 00:00:00 |k Rodrigo Vera | ||
| 490 | 0 | |a Colección Teorema. Serie Mayor | |
| 999 | |c 287231 |d 287229 | ||